000 00738nam a22002057a 4500
999 _c20405
_d20405
003 AR-CdUCM
008 190530b ||||| |||| 00| 0 spa d
040 _aMUNICIPALIDAD PROVINCIAL DEL CUSCO
_cBIBLIOTECA MUNICIPAL DEL CUSCO
041 _heng
082 _22ed
_a070.4097 /
_bH68
100 _aHohenberg, John.
_942672
245 _aEl periodista profesional :
_bguía para el reportero moderno /
260 _aMéxico, D.F :
_bLetras,
_c1964.
300 _a510 páginas ;
_c22 cm.
505 _aContenido: Actitudes en la redacción de noticias -- Actualización del periódico -- Adelantos de noticias...
650 _aPeriodismo
_91929
650 _aEstudio y enseñanza
_92610
942 _2ddc
_cLIBROS
945 _adavv
_d2019-05-30